| 000 | 00370nam a22001217a 4500 | ||
|---|---|---|---|
| 040 | _cNUST | ||
| 082 |
_a342.5491029 _bMUH |
||
| 100 |
_aMuhammad Abdul Basit _9124799 |
||
| 245 | _aThe Constitution of the Islamic Republic of Pakistan | ||
| 260 |
_aLahore: _bFederal Law House, _c2021. |
||
| 650 | _2The Constitution of the Islamic Republic of Pakistan | ||
| 942 |
_2ddc _cBK |
||
| 999 |
_c610590 _d610590 |
||